000 00338nam a22001337a 4500
008 170619b xxu||||| |||| 00| 0 eng d
020 _a0253105552
041 _aeng
080 _a328
100 _a20
101 _aSHP
245 _aMILITARY GOVERNMENT AND THE MOVEMENT TOWARD DEMOCRACY IN SOUTH AMERICA
_cHANDELMAN,H
942 _2udc
_cBK
999 _c18158
_d18158